"Not I, but the wind..." / (Record no. 89725)

MARC details
000 -LEADER
campo de control de longitud fija 00771nam a2200229 i 4500
001 - NÚMERO DE CONTROL
campo de control 89725
003 - IDENTIFICADOR DE NÚMERO DE CONTROL
campo de control ES-MaACL
005 - FECHA Y HORA DE LA ÚLTIMA TRANSACCIÓN
campo de control 20230906180244.0
007 - CAMPO FIJO DE DESCRIPCIÓN FÍSICA--INFORMACIÓN GENERAL
campo de control de longitud fija t|
008 - DATOS DE LONGITUD FIJA--INFORMACIÓN GENERAL
campo de control de longitud fija 050112s1935 xxk ||||1| eng d
080 ## - NÚMERO DE LA CLASIFICACIÓN DECIMAL UNIVERSAL
Número de la Clasificación Decimal Universal 929 Lawrence, Frieda von Richthofen
080 ## - NÚMERO DE LA CLASIFICACIÓN DECIMAL UNIVERSAL
Número de la Clasificación Decimal Universal 929 Lawrence, D. H.
100 1# - ENTRADA PRINCIPAL--NOMBRE DE PERSONA
Nombre de persona Lawrence, Frieda von Richthofen.
9 (RLIN) 70747
245 10 - MENCIÓN DEL TÍTULO
Título "Not I, but the wind..." /
Mención de responsabilidad, etc. by Frieda Lawrence, geb. freiin von Richthofen.
250 ## - MENCION DE EDICION
Mención de edición [1st. ed.].
260 ## - PUBLICACIÓN, DISTRIBUCIÓN, ETC.
Lugar de publicación, distribución, etc. London :
Nombre del editor, distribuidor, etc. William Heinemann,
Fecha de publicación, distribución, etc. 1935 (
Fabricante The Windmill Press)
300 ## - DESCRIPCIÓN FÍSICA
Extensión XI, 277 p. :
Otras características físicas il. ;
Dimensiones 22 cm.
600 14 - PUNTO DE ACCESO ADICIONAL DE MATERIA--NOMBRE DE PERSONA
Nombre de persona Lawrence, Frieda von Richthofen.
9 (RLIN) 70747
600 14 - PUNTO DE ACCESO ADICIONAL DE MATERIA--NOMBRE DE PERSONA
Nombre de persona Lawrence, D.H. (
Fechas asociadas al nombre 1885-1930)
9 (RLIN) 70743
700 1# - ENTRADA AGREGADA--NOMBRE PERSONAL
Nombre de persona Lawrence, D.H. (
Fechas asociadas al nombre 1885-1930)
9 (RLIN) 70743
852 ## - LOCALIZACIÓN
Ubicación ES-MaACL
Número de control de estantería A-3669
Holdings
Estatus retirado Estado de pérdida Estado de daño No para préstamo Biblioteca de origen Biblioteca actual Ubicación en estantería Fecha de adquisición Fuente de adquisición Total de préstamos Signatura topográfica completa Código de barras Visto por última vez Precio de reemplazo Tipo de ítem Koha
        Biblioteca del Ateneo de Madrid Biblioteca del Ateneo de Madrid Sala Pecera Planta 1 17/01/2008     A-3669 1093706 23/02/2023 23/02/2023 Libro impreso